The art of management / (Record no. 2943)
[ view plain ]
| 000 -LEADER | |
|---|---|
| fixed length control field | nam a22 a 4500 |
| 003 - CONTROL NUMBER IDENTIFIER | |
| control field | AKMAL |
| 005 - DATE AND TIME OF LATEST TRANSACTION | |
| control field | 20170518165151.0 |
| 008 - FIXED-LENGTH DATA ELEMENTS--GENERAL INFORMATION | |
| fixed length control field | 170518s1992 my 00 eng d |
| 020 ## - INTERNATIONAL STANDARD BOOK NUMBER | |
| International Standard Book Number | 981012077X (pbk.): |
| Terms of availability | RM 11.00 |
| 020 ## - INTERNATIONAL STANDARD BOOK NUMBER | |
| International Standard Book Number | 9971404648 |
| 040 ## - CATALOGING SOURCE | |
| Original cataloging agency | AKMAL |
| Transcribing agency | AKMAL |
| 049 ## - LOCAL HOLDINGS (OCLC) | |
| Holding library | mal |
| 082 04 - DEWEY DECIMAL CLASSIFICATION NUMBER | |
| Classification number | 658 RUS |
| 090 ## - LOCALLY ASSIGNED LC-TYPE CALL NUMBER (OCLC); LOCAL CALL NUMBER (RLIN) | |
| Classification number (OCLC) (R) ; Classification number, CALL (RLIN) (NR) | 658 |
| Local cutter number (OCLC) ; Book number/undivided call number, CALL (RLIN) | RUS |
| 100 1# - MAIN ENTRY--PERSONAL NAME | |
| Personal name | Rustomji, M. K. |
| 9 (RLIN) | 5958 |
| 245 14 - TITLE STATEMENT | |
| Title | The art of management / |
| Statement of responsibility, etc. | M.K. Rustomji, S.A. Sapre |
| 260 ## - PUBLICATION, DISTRIBUTION, ETC. | |
| Place of publication, distribution, etc. | Kuala Lumpur : |
| Name of publisher, distributor, etc. | Federal Publications, |
| Date of publication, distribution, etc. | 1992 |
| 300 ## - PHYSICAL DESCRIPTION | |
| Extent | 174p. ; |
| Dimensions | 18cm |
| 440 ## - SERIES STATEMENT/ADDED ENTRY--TITLE | |
| Title | Times management pocket guides |
| 9 (RLIN) | 5957 |
| 650 ## - SUBJECT ADDED ENTRY--TOPICAL TERM | |
| Topical term or geographic name entry element | Management |
| 9 (RLIN) | 1462 |
| 700 1# - ADDED ENTRY--PERSONAL NAME | |
| Personal name | Sapre, S. A. |
| 9 (RLIN) | 5992 |
| 942 ## - ADDED ENTRY ELEMENTS (KOHA) | |
| Source of classification or shelving scheme | |
| Koha item type | Book |
| Withdrawn status | Lost status | Source of classification or shelving scheme | Damaged status | Not for loan | Collection code | Home library | Current library | Date acquired | Inventory number | Total Checkouts | Full call number | Barcode | Date last seen | Price effective from | Koha item type |
|---|---|---|---|---|---|---|---|---|---|---|---|---|---|---|---|
| NON-FICTION | AKMAL Melaka | AKMAL Melaka | 18.05.2017 | 600074 | 658 RUS | 201704044 | 18.05.2017 | 18.05.2017 | Book |
